<?xml version="1.0" encoding="UTF-8"?>
<record
    xmlns:xsi="http://www.w3.org/2001/XMLSchema-instance"
    xsi:schemaLocation="http://www.loc.gov/MARC21/slim http://www.loc.gov/standards/marcxml/schema/MARC21slim.xsd"
    xmlns="http://www.loc.gov/MARC21/slim">

  <leader>02926nam0a2200457 i 4500</leader>
  <controlfield tag="001">RU\NLR\bibl\1887442</controlfield>
  <controlfield tag="005">20260406010108.0</controlfield>
  <datafield tag="010" ind1=" " ind2=" ">
    <subfield code="a">9785846511217</subfield>
    <subfield code="9">500</subfield>
  </datafield>
  <datafield tag="021" ind1=" " ind2=" ">
    <subfield code="a">RU</subfield>
    <subfield code="b">2012-17326</subfield>
    <subfield code="9">1307</subfield>
  </datafield>
  <datafield tag="035" ind1=" " ind2=" ">
    <subfield code="a">(nilc)LIBNET\0000244284</subfield>
  </datafield>
  <datafield tag="035" ind1=" " ind2=" ">
    <subfield code="a">(NLR Aleph) 001877166</subfield>
  </datafield>
  <datafield tag="090" ind1=" " ind2=" ">
    <subfield code="a">2740839</subfield>
    <subfield code="c">2740839</subfield>
  </datafield>
  <datafield tag="100" ind1=" " ind2=" ">
    <subfield code="a">20120529d2011    u  y0rusy50      ca</subfield>
  </datafield>
  <datafield tag="101" ind1="0" ind2=" ">
    <subfield code="a">rus</subfield>
    <subfield code="d">eng</subfield>
  </datafield>
  <datafield tag="102" ind1=" " ind2=" ">
    <subfield code="a">RU</subfield>
  </datafield>
  <datafield tag="105" ind1=" " ind2=" ">
    <subfield code="a">a   |||||||||</subfield>
  </datafield>
  <datafield tag="200" ind1="1" ind2=" ">
    <subfield code="a">&#x412;&#x43E;&#x435;&#x43D;&#x43D;&#x43E;&#x435; &#x434;&#x435;&#x43B;&#x43E; &#x434;&#x440;&#x435;&#x432;&#x43D;&#x438;&#x445; &#x43A;&#x43E;&#x447;&#x435;&#x432;&#x43D;&#x438;&#x43A;&#x43E;&#x432; &#x41C;&#x43E;&#x43D;&#x433;&#x43E;&#x43B;&#x438;&#x438; (II &#x442;&#x44B;&#x441;&#x44F;&#x447;&#x435;&#x43B;&#x435;&#x442;&#x438;&#x435; - III &#x432;&#x435;&#x43A; &#x434;&#x43E; &#x43D;.&#x44D;.)</subfield>
    <subfield code="d">Warfare of the ancient nomads of Mongolia (2nd millennium - 3rd century B.C.)</subfield>
    <subfield code="f">&#x42E;.&#x421;. &#x425;&#x443;&#x434;&#x44F;&#x43A;&#x43E;&#x432;, &#x41D;. &#x42D;&#x440;&#x434;&#x44D;&#x43D;&#x44D;-&#x41E;&#x447;&#x438;&#x440;</subfield>
    <subfield code="g">&#x420;&#x410;&#x41D;, &#x421;&#x438;&#x431;. &#x43E;&#x442;&#x434;-&#x43D;&#x438;&#x435;, &#x418;&#x43D;-&#x442; &#x430;&#x440;&#x445;&#x435;&#x43E;&#x43B;&#x43E;&#x433;&#x438;&#x438; &#x438; &#x44D;&#x442;&#x43D;&#x43E;&#x433;&#x440;&#x430;&#x444;&#x438;&#x438; [&#x438; &#x434;&#x440;.]</subfield>
    <subfield code="z">eng</subfield>
  </datafield>
  <datafield tag="210" ind1=" " ind2=" ">
    <subfield code="a">&#x421;&#x430;&#x43D;&#x43A;&#x442;-&#x41F;&#x435;&#x442;&#x435;&#x440;&#x431;&#x443;&#x440;&#x433;</subfield>
    <subfield code="c">&#x424;&#x438;&#x43B;&#x43E;&#x43B;&#x43E;&#x433;&#x438;&#x447;&#x435;&#x441;&#x43A;&#x438;&#x439; &#x444;&#x430;&#x43A;&#x443;&#x43B;&#x44C;&#x442;&#x435;&#x442; &#x421;&#x430;&#x43D;&#x43A;&#x442;-&#x41F;&#x435;&#x442;&#x435;&#x440;&#x431;&#x443;&#x440;&#x433;&#x441;&#x43A;&#x43E;&#x433;&#x43E; &#x433;&#x43E;&#x441;&#x443;&#x434;&#x430;&#x440;&#x441;&#x442;&#x432;&#x435;&#x43D;&#x43D;&#x43E;&#x433;&#x43E; &#x443;&#x43D;&#x438;&#x432;&#x435;&#x440;&#x441;&#x438;&#x442;&#x435;&#x442;&#x430;</subfield>
    <subfield code="c">&#x41D;&#x435;&#x441;&#x442;&#x43E;&#x440;-&#x418;&#x441;&#x442;&#x43E;&#x440;&#x438;&#x44F;</subfield>
    <subfield code="d">2011</subfield>
  </datafield>
  <datafield tag="215" ind1=" " ind2=" ">
    <subfield code="a">168, [3] &#x441;., [4] &#x43B;. &#x446;&#x432;. &#x438;&#x43B;.</subfield>
    <subfield code="c">&#x438;&#x43B;.</subfield>
    <subfield code="d">25</subfield>
  </datafield>
  <datafield tag="225" ind1="1" ind2=" ">
    <subfield code="a">&#x421;&#x435;&#x440;&#x438;&#x44F; "Historia militaris"</subfield>
    <subfield code="e">&#x438;&#x441;&#x441;&#x43B;&#x435;&#x434;&#x43E;&#x432;&#x430;&#x43D;&#x438;&#x44F; &#x43F;&#x43E; &#x432;&#x43E;&#x435;&#x43D;&#x43D;&#x43E;&#x43C;&#x443; &#x434;&#x435;&#x43B;&#x443; &#x414;&#x440;&#x435;&#x432;&#x43D;&#x43E;&#x441;&#x442;&#x438; &#x438; &#x421;&#x440;&#x435;&#x434;&#x43D;&#x435;&#x432;&#x435;&#x43A;&#x43E;&#x432;&#x44C;&#x44F;</subfield>
    <subfield code="f">&#x440;&#x435;&#x434;. &#x441;&#x43E;&#x432;&#x435;&#x442;: &#x42E;.&#x410;. &#x412;&#x438;&#x43D;&#x43E;&#x433;&#x440;&#x430;&#x434;&#x43E;&#x432; [&#x438; &#x434;&#x440;.]</subfield>
  </datafield>
  <datafield tag="300" ind1=" " ind2=" ">
    <subfield code="a">&#x410;&#x432;&#x442;. &#x442;&#x430;&#x43A;&#x436;&#x435; &#x43D;&#x430; &#x430;&#x43D;&#x433;&#x43B;. &#x44F;&#x437;.: Yuly S. Khudjakov and Nasan-Ochir Erdene-Ochir</subfield>
  </datafield>
  <datafield tag="300" ind1=" " ind2=" ">
    <subfield code="a">&#x41D;&#x430; 4-&#x439; &#x441;. &#x43E;&#x431;&#x43B;. &#x430;&#x432;&#x442;.: &#x425;&#x443;&#x434;&#x44F;&#x43A;&#x43E;&#x432; &#x42E;.&#x421;. - &#x430;&#x440;&#x445;&#x435;&#x43E;&#x43B;&#x43E;&#x433;, &#x43E;&#x440;&#x443;&#x436;&#x438;&#x435;&#x432;&#x435;&#x434;, &#x434;.&#x438;&#x441;&#x442;.&#x43D;., &#x43F;&#x440;&#x43E;&#x444;., &#x430;&#x43A;&#x430;&#x434;. &#x420;&#x410;&#x415;&#x41D; &#x438; &#x41D;&#x410;&#x41D; &#x41A;&#x44B;&#x440;&#x433;&#x44B;&#x437;. &#x420;&#x435;&#x441;&#x43F;., &#x437;&#x430;&#x441;&#x43B;. &#x434;&#x435;&#x44F;&#x442;. &#x43D;&#x430;&#x443;&#x43A;&#x438; &#x41A;&#x44B;&#x440;&#x433;&#x44B;&#x437;. &#x420;&#x435;&#x441;&#x43F;., &#x42D;&#x440;&#x434;&#x44D;&#x43D;&#x44D;-&#x41E;&#x447;&#x438;&#x440; &#x41D;.-&#x41E;. - &#x430;&#x440;&#x445;&#x435;&#x43E;&#x43B;&#x43E;&#x433;, &#x43E;&#x440;&#x443;&#x436;&#x438;&#x435;&#x432;&#x435;&#x434;.</subfield>
  </datafield>
  <datafield tag="300" ind1=" " ind2=" ">
    <subfield code="a">&#x412; &#x432;&#x44B;&#x43F;.&#x434;&#x430;&#x43D;. 2-&#x439; &#x430;&#x432;&#x442;.: &#x42D;&#x440;&#x434;&#x44D;&#x43D;&#x44D;-&#x41E;&#x447;&#x438;&#x440; &#x41D;&#x430;&#x441;&#x430;&#x43D;-&#x41E;&#x447;&#x438;&#x440;</subfield>
  </datafield>
  <datafield tag="300" ind1=" " ind2=" ">
    <subfield code="a">&#x420;&#x435;&#x437;. &#x43D;&#x430; &#x430;&#x43D;&#x433;&#x43B;. &#x44F;&#x437;.</subfield>
  </datafield>
  <datafield tag="320" ind1=" " ind2=" ">
    <subfield code="a">&#x411;&#x438;&#x431;&#x43B;&#x438;&#x43E;&#x433;&#x440;.: &#x441;. 161-169</subfield>
  </datafield>
  <datafield tag="510" ind1="0" ind2=" ">
    <subfield code="6">z11790</subfield>
    <subfield code="a">Warfare of the ancient nomads of Mongolia (2nd millennium - 3rd century B.C.)</subfield>
    <subfield code="z">eng</subfield>
  </datafield>
  <datafield tag="606" ind1="1" ind2=" ">
    <subfield code="a">&#x412;&#x43E;&#x435;&#x43D;&#x43D;&#x43E;&#x435; &#x434;&#x435;&#x43B;&#x43E;</subfield>
    <subfield code="x">&#x418;&#x441;&#x442;&#x43E;&#x440;&#x438;&#x44F;</subfield>
    <subfield code="y">&#x41C;&#x43E;&#x43D;&#x433;&#x43E;&#x43B;&#x438;&#x44F;</subfield>
    <subfield code="z">&#x414;&#x440;&#x435;&#x432;&#x43D;&#x438;&#x439; &#x43F;&#x435;&#x440;&#x438;&#x43E;&#x434;</subfield>
    <subfield code="9">2118418</subfield>
    <subfield code="3">RU\NLR\auth\661583080</subfield>
  </datafield>
  <datafield tag="686" ind1=" " ind2=" ">
    <subfield code="a">&#x422;4(54&#x41C;&#x43E;)</subfield>
    <subfield code="v">LBC/SL</subfield>
    <subfield code="2">rubbk</subfield>
  </datafield>
  <datafield tag="686" ind1=" " ind2=" ">
    <subfield code="a">&#x422;4(54&#x41C;&#x43E;)26-411</subfield>
    <subfield code="v">LBC/SL</subfield>
    <subfield code="2">rubbk</subfield>
  </datafield>
  <datafield tag="686" ind1=" " ind2=" ">
    <subfield code="a">&#x422;4(54&#x41C;&#x43E;)27-411</subfield>
    <subfield code="v">LBC/SL</subfield>
    <subfield code="2">rubbk</subfield>
  </datafield>
  <datafield tag="686" ind1=" " ind2=" ">
    <subfield code="a">&#x426;.&#x433;(5&#x41C;&#x43E;)</subfield>
  </datafield>
  <datafield tag="700" ind1=" " ind2="1">
    <subfield code="4">070</subfield>
    <subfield code="8">rus</subfield>
    <subfield code="7">ca</subfield>
    <subfield code="a">&#x425;&#x443;&#x434;&#x44F;&#x43A;&#x43E;&#x432;</subfield>
    <subfield code="b">&#x42E;. &#x421;.</subfield>
    <subfield code="f">1947-</subfield>
    <subfield code="g">&#x42E;&#x43B;&#x438;&#x439; &#x421;&#x435;&#x440;&#x433;&#x435;&#x435;&#x432;&#x438;&#x447;</subfield>
    <subfield code="3">RU\NLR\auth\7765414</subfield>
    <subfield code="9">48343</subfield>
  </datafield>
  <datafield tag="701" ind1=" " ind2="1">
    <subfield code="4">070</subfield>
    <subfield code="8">rus</subfield>
    <subfield code="7">ca</subfield>
    <subfield code="a">&#x42D;&#x440;&#x434;&#x44D;&#x43D;&#x44D;-&#x41E;&#x447;&#x438;&#x440;</subfield>
    <subfield code="b">&#x41D;.</subfield>
    <subfield code="g">&#x41D;&#x430;&#x441;&#x430;&#x43D;</subfield>
    <subfield code="3">RU\NLR\auth\77115569</subfield>
    <subfield code="9">98494</subfield>
  </datafield>
  <datafield tag="790" ind1=" " ind2="1">
    <subfield code="4">070</subfield>
    <subfield code="8">rus</subfield>
    <subfield code="7">ba</subfield>
    <subfield code="a">Chudjakov</subfield>
    <subfield code="b">Ju. S.</subfield>
    <subfield code="f">1947-</subfield>
    <subfield code="g">Julij Sergeevi&#x10D;</subfield>
    <subfield code="3">RU\NLR\auth\7784294</subfield>
    <subfield code="9">67222</subfield>
  </datafield>
  <datafield tag="790" ind1=" " ind2="1">
    <subfield code="4">070</subfield>
    <subfield code="8">rus</subfield>
    <subfield code="7">ba</subfield>
    <subfield code="a">&#xC9;rd&#xE9;n&#xE9;-O&#x10D;ir</subfield>
    <subfield code="b">N.</subfield>
    <subfield code="g">Nasan</subfield>
    <subfield code="3">RU\NLR\auth\77115570</subfield>
    <subfield code="9">98495</subfield>
  </datafield>
  <datafield tag="801" ind1=" " ind2="0">
    <subfield code="a">RU</subfield>
    <subfield code="b">&#x413;&#x41F;&#x418;&#x411; &#x420;&#x43E;&#x441;&#x441;&#x438;&#x438;</subfield>
    <subfield code="c">20120529</subfield>
    <subfield code="g">rcr</subfield>
  </datafield>
  <datafield tag="801" ind1=" " ind2="1">
    <subfield code="a">RU</subfield>
    <subfield code="b">&#x413;&#x41F;&#x418;&#x411; &#x420;&#x43E;&#x441;&#x441;&#x438;&#x438;</subfield>
    <subfield code="c">20120529</subfield>
    <subfield code="g">rcr</subfield>
    <subfield code="2">rusmarc</subfield>
  </datafield>
  <datafield tag="801" ind1=" " ind2="2">
    <subfield code="a">RU</subfield>
    <subfield code="b">NLR</subfield>
    <subfield code="c">20120314</subfield>
    <subfield code="g">rcr</subfield>
  </datafield>
  <datafield tag="942" ind1=" " ind2=" ">
    <subfield code="c">BOOK</subfield>
  </datafield>
  <datafield tag="980" ind1=" " ind2=" ">
    <subfield code="a">NBR</subfield>
  </datafield>
</record>
